Statistics for Geoguessr Country Streak Jetpunk Style

Click here to take the quiz!

General Stats

  • This quiz has been taken 46 times
  • The average score is 4 of 11

Answer Stats

Answer% Correct
Australia
73%
India
65%
Russia
60%
Finland
58%
Spain
45%
U.S.A
40%
Serbia
30%
Eswatini/Swaziland
18%
Nepal
8%
Chad
5%
Somalia
5%

Score Distribution

Percentile by Number Answered

Percent of People with Each Score

Your Score History

You have not taken this quiz